TH-SOF-1593-A Novel Framework to Generate Business Process Model and Notation (BPMN) Models for Real-time Systems from Plain Text Requirements (Record no. 576686)
[ view plain ]
| 000 -LEADER | |
|---|---|
| fixed length control field | 00533nam a22001697a 4500 |
| 003 - CONTROL NUMBER IDENTIFIER | |
| control field | NUST |
| 038 ## - RECORD CONTENT LICENSOR | |
| Staff Name | Asad |
| 082 ## - DEWEY DECIMAL CLASSIFICATION NUMBER | |
| Classification number | 200 THE |
| 100 ## - MAIN ENTRY--PERSONAL NAME | |
| Personal name | Bilal Maqbool |
| 9 (RLIN) | 31402 |
| 245 ## - TITLE STATEMENT | |
| Title | TH-SOF-1593-A Novel Framework to Generate Business Process Model and Notation (BPMN) Models for Real-time Systems from Plain Text Requirements |
| 260 ## - PUBLICATION, DISTRIBUTION, ETC. | |
| Place of publication, distribution, etc. | ISLAMABAD; |
| Name of publisher, distributor, etc. | NUST COLLEGE OF EME, |
| Date of publication, distribution, etc. | 2018 |
| 300 ## - PHYSICAL DESCRIPTION | |
| Extent | 143P |
| Other physical details | cd |
| 563 ## - BINDING INFORMATION | |
| Binding note | HB |
| 650 ## - SUBJECT ADDED ENTRY--TOPICAL TERM | |
| Topical term or geographic name entry element | MS-CSE-16, MSTHESIS |
| 9 (RLIN) | 69361 |
| 700 ## - ADDED ENTRY--PERSONAL NAME | |
| Personal name | Advisor Dr. Farooque Azam |
| 9 (RLIN) | 69362 |
| 942 ## - ADDED ENTRY ELEMENTS (KOHA) | |
| Koha item type | Computer Files |
| Source of classification or shelving scheme | |
| Withdrawn status | Lost status | Damaged status | Not for loan | Collection code | Permanent Location | Current Location | Shelving location | Date acquired | Total Checkouts | Full call number | Barcode | Date last seen | Price effective from | Koha item type |
|---|---|---|---|---|---|---|---|---|---|---|---|---|---|---|
| College of Electrical & Mechanical Engineering (CEME) | College of Electrical & Mechanical Engineering (CEME) | Reference | 12/13/2019 | 200 THE | TH-SOF-1593 | 06/28/2021 | 06/28/2021 | Computer Files |
